Library Banner

Statistics from A to Z: (Record no. 91333)

MARC details
000 -LEADER
fixed length control field 00447nam a22001697a 4500
005 - DATE AND TIME OF LATEST TRANSACTION
control field 20170302100358.0
008 - FIXED-LENGTH DATA ELEMENTS--GENERAL INFORMATION
fixed length control field 170302b xxu||||| |||| 00| 0 eng d
020 ## - INTERNATIONAL STANDARD BOOK NUMBER
International Standard Book Number 9781119272038
040 ## - CATALOGING SOURCE
Transcribing agency PK-LaUMT
082 ## - DEWEY DECIMAL CLASSIFICATION NUMBER
Classification number 519.503
Item number JAW-S
100 ## - MAIN ENTRY--PERSONAL NAME
Personal name Jawlik , Andrew A.
245 ## - TITLE STATEMENT
Title Statistics from A to Z:
Remainder of title confusing concepts clarified/
Statement of responsibility, etc Andrew A. Jawlik
260 ## - PUBLICATION, DISTRIBUTION, ETC. (IMPRINT)
Place of publication, distribution, etc Hoboken:
Name of publisher, distributor, etc Wiley,
Date of publication, distribution, etc 2016
300 ## - PHYSICAL DESCRIPTION
Extent 418 p.
546 ## - LANGUAGE NOTE
Language note EN
942 ## - ADDED ENTRY ELEMENTS (KOHA)
Koha item type Books
Holdings
Withdrawn status Lost status Damaged status Home library Current library Date acquired Full call number Barcode Date last seen Price effective from Koha item type
      UMT Main Campus UMT Main Campus 2017-03-02 519.503 JAW-S 105951 2025-02-12 2017-03-02 Books